| 000 | 00567nam a22002057a 4500 | ||
|---|---|---|---|
| 003 | OSt | ||
| 005 | 20140310182945.0 | ||
| 008 | 130205t xxu||||| |||| 00| 0 eng d | ||
| 020 | _a9710388882 | ||
| 050 |
_aDS 675.8 _b.D278 2010 |
||
| 082 |
_aFIL 921 _bD326 2010 |
||
| 245 |
_aRizal the icon _bthe alternative edition _cde Jesus, Maria Bernadette Austria |
||
| 260 |
_aManila _bBooks Atbp. Publishing _cc2010 |
||
| 300 |
_a154 p. _c22 cm. |
||
| 521 | _acollege students | ||
| 526 | _c1210L-1700L | ||
| 541 | _j1 | ||
| 562 | _e1 | ||
| 942 |
_2lcc _cBK _kFIL |
||
| 999 |
_c17805 _d17805 |
||